[Event "Kaiserbrunnen op 1st"]
[Site "Brakel"]
[Date "2003.10.31"]
[Round "6"]
[White "Axnich, Hellmuth"]
[Black "Kindler, Hans"]
[Result "1-0"]
[WhiteElo "1364"]
[BlackElo "1226"]
[PlyCount "55"]
[EventDate "2003.07.??"]
[EventType "swiss"]
[EventRounds "9"]
[EventCountry "GER"]
[SourceTitle "EXT 2006"]
[Source "ChessBase"]
[SourceDate "2005.11.24"]
[SourceVersion "1"]
[SourceVersionDate "2005.11.24"]
[SourceQuality "1"]

1. d4 Nf6 2. c4 c5 3. dxc5 e6 4. Nf3 Bxc5 5. e3 Nc6 6. Nc3 0-0 7. Bd3 a6 8. 0-0 b6 9. a3 a5 10. Qc2 Re8 11. h3 h6 12. b3 Bb7 13. Bb2 Be7 14. Rad1 Qc7 15. Nb5 Qb8 16. Bxf6 Bxf6 17. Nd6 Rd8 18. Bh7+ Kf8 19. Nxb7 Qxb7 20. Be4 Qc7 21. Nd4 Nxd4 22. exd4 Rac8 23. d5 Qd6 24. dxe6 Qxe6 25. Bd5 Qe7 26. Rfe1 Qxa3 27. Qh7 g6 28. Qxf7# 1-0